000 01138nam a22002897a 4500
001 BRCA_9371
003 FranzMayer
005 20230918123621.0
008 230830b |||||||| |||| 00| 0 eng d
020 _a8474831369
040 _aMFM
_bespañol
_cMFM
050 0 _aAM148
_bT55 1997
100 1 _4Responsable
_aTillotson, Robert G.
_929384
240 _aLa seguridad en los museos
_lEspañol
245 0 _aLa seguridad en los museos
260 _aSevilla, España
_bMinisterio de cultura
_c1997
300 _a198 p
_bIlustraciones
_c25 cm
500 _aAnexo 1
500 _aEl libro contiene dos anotaciones en la primer página, una dedicatoria y otra nota sobre el autor.
500 _aAlgunas páginas del libro se están desprendiendo
505 _aTexto en: españolTraducido del: francésIncluye índice temáticoIncluye bibliografíaDirigido a: museógrafos o personas que trabajen en museos
650 1 _2Museos
_aManuales
_vMedidas de seguridad
_929385
700 1 _4Edi
_aMenkes, Diana D.
_929386
700 1 _4Fot.
_aLatoba, José
_929387
700 1 _4Fot.
_aOtero, Miguel Angel
_929388
942 _2lcc
_cB
999 _c10993
_d10993